000 03790nam a2200361Ia 4500
003 CO-CtgCURN
005 20250410171815.0
008 220303s2020 xx 000 0 und d
020 _a9789587679915
040 _aCO-CtgCURN
_bspa
_ccoctgcurn
082 _a344.01
_bR311
245 0 _aRecursos extraordinarios en materia laboral /
_ccoordinadores., Arturo Barco Álzate, Carolina Otálora Van Houten, Bernardo Alonso Wilches
250 _a1 edición
260 _aBogotá, Colombia :
_bLegis,
_c2020
300 _a381 páginas ;
_c23 centímetros
500 _aIncluye índice
504 _aIncluye referencias bibliográficas
505 _aCap.1. Historia de la casación laboral colombiana -- Cap.2. El interés jurídico para recurrir en casación laboral -- Cap.3. Características del recurso de casación en materia laboral -- Cap.4. Formulación e interprete del recurso extraordinario de casación -- Cap.5. Limitaciones a las funciones y facultades de la sala laboral de la corte suprema de justicia como tribunal de casación -- Cap.6. El alcance de la impugnación en la casación laboral -- Cap.7. La proposición jurídica en el recurso extraordinario de casación en materia laboral, una mirada actual hacia su alcance y formulación -- Cap.8. La causal del recurso extraordinario de casación en materia laboral -- Cap.9. La causal segunda del recurso extraordinario de casación en materia laboral -- Cap.10. La violación medio -- Cap.11. La oposición en el tramite del recurso extraordinario de casación en materia laboral -- Cap.12. Prolegómeno a la sentencia de casación como camino de vitalidad jurídica -- Cap.13. Reflexiones acerca del alcance de la sentencia de casación en función de su naturaleza -- Cap.14. Hacia donde va el recurso de casación laboral reflexiones acerca de su técnica -- Cap.15. Comparación del régimen legal de la casación civil, laboral y penal -- Cap.16. Otros aspectos del recurso extraordinario de casación en materia laboral -- Cap.17. Comentarios introductorios al recurso extraordinario de anulación en conflictos económicos -- Cap.18. Procedimiento arbitral para conflictos económicos -- Cap.19. Procedencia de los tribulaciones de arbitramento obligatorios y voluntarios -- Cap.20. Enfoque jurisprudencial del recurso de anulación -- Cap.21. Pronunciamientos constitucionales sobre el recurso extraordinario de anulación frente a conflictos económicos -- Cap.22. Recurso extraordinario de anulación de laudos arbitrales proferidos en conflictos jurídicos -- Cap.23. La clausula compromisoria y el compromiso: perspectiva jurisprudencial desde los tribunales superiores -- Cap.24. El recurso de revisión o el quiebre necesario de lo absoluto -- Cap.25. Aproximación al recurso extraordinario de revisión -- Cap.26. Comentarios sobre el recurso extraordinario de revisión -- Cap.27. Aspectos legales y comentarios al recurso de revisión -- Cap.28. Jurisprudencia de la sala de casación laboral frente al recurso de revisión
521 _aAREA PROFESIONAL
590 _aPrograma de Derecho_18
650 _aDerecho laboral
_zColombia
_98423
_xRecursos extraordinarios
700 _aAlonso Wilches, Bernardo
_ecoordinador
_98424
700 _aBarco Álzate, Carlos.
_ecoordinador
_98425
700 _aOtálora Van Houten, Carolina
_ecoordinadora
_98426
700 _aRibero Álvarez, Patricia
_eautora
_98427
700 _aBlanco, Oscar
_eautor
_98428
700 _aCarrillo Guarín, Julio Cesar
_eautor
_98429
700 _aCastellanos López, Alejandro
_eautor
_98430
700 _aCerón Coral, Jaime
_eautor
_98431
700 _aDíaz Daza, Víctor Julio
_eautor
_98432
942 _cBK
_h344.01
_iR311
_02
_2ddc
_n0
999 _c30728
_d30728